[Event "Russian Rapid Championship (m)"]
[Site "Sochi"]
[Date "2022.10.15"]
[Round "4.4"]
[White "Vetokhin, Savva"]
[Black "Tsydypov, Zhamsaran"]
[Result "1/2-1/2"]
[BlackElo "2554"]
[WhiteElo "2250"]
[LiveChessVersion "1.4.8"]

1. e4 {[%clk 0:15:17]} c6 {[%clk 0:15:09]} 2. Nf3 {[%clk 0:15:24]} d5
{[%clk 0:15:15]} 3. d3 {[%clk 0:15:33]} Nd7 {[%clk 0:14:45]} 4. exd5
{[%clk 0:14:51]} cxd5 {[%clk 0:14:53]} 5. d4 {[%clk 0:15:00]} Ngf6
{[%clk 0:14:52]} 6. Bd3 {[%clk 0:15:02]} e6 {[%clk 0:14:48]} 7. Bf4
{[%clk 0:14:20]} Qb6 {[%clk 0:14:49]} 8. Qc1 {[%clk 0:13:30]} Bd6
{[%clk 0:14:36]} 9. Bxd6 {[%clk 0:13:31]} Qxd6 {[%clk 0:14:44]} 10. O-O
{[%clk 0:13:38]} O-O {[%clk 0:14:51]} 11. Re1 {[%clk 0:13:40]} a6
{[%clk 0:14:53]} 12. c3 {[%clk 0:13:38]} b5 {[%clk 0:14:55]} 13. b4
{[%clk 0:13:23]} Nh5 {[%clk 0:13:14]} 14. Qc2 {[%clk 0:12:20]} g6
{[%clk 0:13:11]} 15. Nbd2 {[%clk 0:12:24]} f6 {[%clk 0:13:07]} 16. Nh4
{[%clk 0:10:38]} Nf4 {[%clk 0:12:55]} 17. Bf1 {[%clk 0:08:59]} g5
{[%clk 0:12:00]} 18. Nhf3 {[%clk 0:09:02]} Ng6 {[%clk 0:10:09]} 19. Nb3
{[%clk 0:08:17]} g4 {[%clk 0:09:49]} 20. Nfd2 {[%clk 0:08:25]} e5
{[%clk 0:09:36]} 21. a4 {[%clk 0:08:04]} bxa4 {[%clk 0:09:24]} 22. Rxa4
{[%clk 0:08:11]} Nb6 {[%clk 0:09:01]} 23. Ra5 {[%clk 0:08:13]} Kh8
{[%clk 0:07:46]} 24. Rea1 {[%clk 0:07:47]} e4 {[%clk 0:07:28]} 25. Bxa6
{[%clk 0:06:57]} Rxa6 {[%clk 0:04:31]} 26. Rxa6 {[%clk 0:07:02]} Bxa6
{[%clk 0:04:40]} 27. Rxa6 {[%clk 0:07:10]} Rb8 {[%clk 0:03:30]} 28. Nc5
{[%clk 0:06:12]} Nf4 {[%clk 0:03:04]} 29. Nf1 {[%clk 0:05:52]} f5
{[%clk 0:02:26]} 30. Ne3 {[%clk 0:05:50]} Qc6 {[%clk 0:01:58]} 31. Nxf5
{[%clk 0:05:12]} Qb5 {[%clk 0:02:06]} 32. Ra5 {[%clk 0:03:49]} Qe2
{[%clk 0:01:36]} 33. Qxe2 {[%clk 0:03:47]} Nxe2+ {[%clk 0:01:45]} 34. Kf1
{[%clk 0:03:43]} Nxc3 {[%clk 0:01:52]} 35. Ra7 {[%clk 0:02:58]} Rf8
{[%clk 0:01:11]} 36. Nh6 {[%clk 0:02:52]} e3 {[%clk 0:00:36]} 37. Nf7+
{[%clk 0:02:55]} Kg8 {[%clk 0:00:43]} 38. Nh6+ {[%clk 0:03:04]} Kh8
{[%clk 0:00:53]} 39. Nf7+ {[%clk 0:01:24]} Kg8 {[%clk 0:01:02]} 40. Nh6+
{[%clk 0:01:33]} Kh8 {[%clk 0:01:11]} 41. Nf7+ 1/2-1/2

[Event "Russian Rapid Championship (m)"]
[Site "Sochi"]
[Date "2022.10.15"]
[Round "4.5"]
[White "Shomoev, Anton"]
[Black "Kezin, Roman"]
[Result "1-0"]
[BlackElo "2471"]
[WhiteElo "2553"]
[LiveChessVersion "1.4.8"]

1. e4 {[%clk 0:14:32]} c5 {[%clk 0:15:19]} 2. Nf3 {[%clk 0:14:41]} e6
{[%clk 0:15:20]} 3. d4 {[%clk 0:14:50]} cxd4 {[%clk 0:15:27]} 4. Nxd4
{[%clk 0:14:56]} Nc6 {[%clk 0:15:34]} 5. Nc3 {[%clk 0:15:04]} Qc7
{[%clk 0:13:28]} 6. Qd3 {[%clk 0:15:12]} Nf6 {[%clk 0:13:37]} 7. Ndb5
{[%clk 0:15:20]} Qb8 {[%clk 0:13:46]} 8. Qg3 {[%clk 0:15:29]} d6 {[%clk 0:13:55]}
9. Be3 {[%clk 0:15:36]} a6 {[%clk 0:14:04]} 10. Nd4 {[%clk 0:15:45]} Bd7
{[%clk 0:14:11]} 11. O-O-O {[%clk 0:15:47]} b5 {[%clk 0:14:20]} 12. Nxc6
{[%clk 0:15:55]} Bxc6 {[%clk 0:14:29]} 13. f3 {[%clk 0:16:04]} h5
{[%clk 0:14:16]} 14. h4 {[%clk 0:15:18]} b4 {[%clk 0:10:40]} 15. Ne2
{[%clk 0:15:26]} g6 {[%clk 0:10:49]} 16. Kb1 {[%clk 0:15:12]} Qc7
{[%clk 0:04:39]} 17. Nd4 {[%clk 0:12:19]} Bd7 {[%clk 0:04:29]} 18. Rc1
{[%clk 0:09:15]} e5 {[%clk 0:03:40]} 19. Nb3 {[%clk 0:08:04]} a5 {[%clk 0:02:15]}
20. c3 {[%clk 0:08:11]} Qb7 {[%clk 0:00:35]} 21. cxb4 {[%clk 0:07:25]} axb4
{[%clk 0:00:44]} 22. Bc4 {[%clk 0:07:34]} Bb5 {[%clk 0:00:53]} 23. Bg5
{[%clk 0:04:25]} Be7 {[%clk 0:00:13]} 24. Bxf6 {[%clk 0:04:17]} Bxf6
{[%clk 0:00:20]} 25. Qe1 {[%clk 0:02:07]} Bxc4 {[%clk 0:00:11]} 26. Rxc4
{[%clk 0:02:15]} Qa6 {[%clk 0:00:13]} 27. Qxb4 {[%clk 0:02:20]} O-O
{[%clk 0:00:19]} 28. Nc1 {[%clk 0:01:34]} d5 {[%clk 0:00:12]} 29. Rc2
{[%clk 0:01:01]} Rfb8 {[%clk 0:00:13]} 30. Qd2 {[%clk 0:01:01]} dxe4
{[%clk 0:00:15]} 31. fxe4 {[%clk 0:01:10]} Rd8 {[%clk 0:00:13]} 32. Qe2
{[%clk 0:01:12]} Qb7 {[%clk 0:00:19]} 33. g4 {[%clk 0:00:47]} hxg4
{[%clk 0:00:11]} 34. h5 {[%clk 0:00:55]} Ra4 {[%clk 0:00:12]} 35. hxg6
{[%clk 0:00:59]} Qxe4 {[%clk 0:00:13]} 36. gxf7+ {[%clk 0:01:02]} Kxf7
{[%clk 0:00:20]} 37. Qxe4 {[%clk 0:00:13]} Rxe4 {[%clk 0:00:29]} 38. Nb3
{[%clk 0:00:13]} Re3 {[%clk 0:00:12]} 39. Rg2 {[%clk 0:00:13]} g3
{[%clk 0:00:16]} 40. Nd2 {[%clk 0:00:12]} Bg5 {[%clk 0:00:19]} 41. Nc4
{[%clk 0:00:14]} Re4 {[%clk 0:00:18]} 42. Rxg3 {[%clk 0:00:24]} Bf4
{[%clk 0:00:15]} 43. Rc3 {[%clk 0:00:33]} Re2 {[%clk 0:00:12]} 44. Rc2
{[%clk 0:00:39]} Re4 {[%clk 0:00:13]} 45. a4 {[%clk 0:00:40]} Ke6
{[%clk 0:00:14]} 46. a5 {[%clk 0:00:36]} Red4 {[%clk 0:00:18]} 47. Ka2
{[%clk 0:00:41]} Kf5 {[%clk 0:00:11]} 48. b4 {[%clk 0:00:46]} e4 {[%clk 0:00:13]}
49. Re1 {[%clk 0:00:50]} e3 {[%clk 0:00:15]} 50. Rc3 {[%clk 0:00:39]} Rd3
{[%clk 0:00:11]} 51. Nxe3+ {[%clk 0:00:35]} Bxe3 52. Rxe3 {[%clk 0:00:42]} Rd2+
{[%clk 0:00:20]} 53. Kb3 {[%clk 0:00:51]} Rd1 {[%clk 0:00:28]} 54. Re2
{[%clk 0:00:57]} Rb1+ {[%clk 0:00:29]} 55. Rb2 {[%clk 0:01:06]} Ra1
{[%clk 0:00:38]} 56. Rc5+ {[%clk 0:01:03]} Ke4 {[%clk 0:00:46]} 57. Ra2
{[%clk 0:00:51]} Rd3+ {[%clk 0:00:52]} 58. Kb2 {[%clk 0:00:54]} Rh1
{[%clk 0:00:56]} 59. a6 {[%clk 0:00:47]} Rh2+ {[%clk 0:00:37]} 60. Rc2
{[%clk 0:00:56]} Rhh3 {[%clk 0:00:46]} 61. Re2+ {[%clk 0:00:22]} Kd4
{[%clk 0:00:52]} 62. a7 {[%clk 0:00:24]} Rb3+ {[%clk 0:00:47]} 63. Kc2
{[%clk 0:00:19]} Rhd3 {[%clk 0:00:11]} 64. Rd2 {[%clk 0:00:14]} Rbc3+
{[%clk 0:00:12]} 65. Kd1 {[%clk 0:00:23]} Kd5 1-0

[Event "Russian Rapid Championship (m)"]
[Site "Sochi"]
[Date "2022.10.15"]
[Round "4.6"]
[White "Afanasiev, Nikita"]
[Black "Iljiushenok, Ilia"]
[Result "1/2-1/2"]
[BlackElo "2467"]
[WhiteElo "2535"]
[LiveChessVersion "1.4.8"]

1. e4 {[%clk 0:15:14]} e5 {[%clk 0:15:14]} 2. Nf3 {[%clk 0:15:16]} Nf6
{[%clk 0:15:22]} 3. d4 {[%clk 0:15:16]} Nxe4 {[%clk 0:15:30]} 4. Bd3
{[%clk 0:15:23]} d5 {[%clk 0:15:39]} 5. dxe5 {[%clk 0:15:31]} Nc5
{[%clk 0:15:40]} 6. Be2 {[%clk 0:15:35]} Ne6 {[%clk 0:15:45]} 7. O-O
{[%clk 0:15:09]} Be7 {[%clk 0:15:33]} 8. c4 {[%clk 0:15:04]} d4 {[%clk 0:15:33]}
9. Re1 {[%clk 0:14:32]} Nc6 {[%clk 0:14:48]} 10. h3 {[%clk 0:13:38]} O-O
{[%clk 0:14:48]} 11. a3 {[%clk 0:13:24]} a5 {[%clk 0:14:57]} 12. Nbd2
{[%clk 0:13:23]} Nc5 {[%clk 0:07:39]} 13. Nb3 {[%clk 0:13:31]} Ne6
{[%clk 0:07:48]} 14. Nbd2 {[%clk 0:13:27]} Nc5 {[%clk 0:07:57]} 15. Nb3
{[%clk 0:13:35]} Ne6 {[%clk 0:08:06]} 16. Nbd2 {[%clk 0:13:44]} 1/2-1/2

[Event "Russian Rapid Championship (m)"]
[Site "Sochi"]
[Date "2022.10.15"]
[Round "4.7"]
[White "Makarian, Rudik"]
[Black "Tomashevsky, Evgeny"]
[Result "0-1"]
[BlackElo "2631"]
[WhiteElo "2469"]
[LiveChessVersion "1.4.8"]

1. d4 {[%clk 0:15:18]} Nf6 {[%clk 0:15:18]} 2. c4 {[%clk 0:15:27]} e6
{[%clk 0:15:26]} 3. Nc3 {[%clk 0:15:06]} d5 {[%clk 0:15:34]} 4. cxd5
{[%clk 0:15:15]} exd5 {[%clk 0:15:42]} 5. Bf4 {[%clk 0:15:23]} c6
{[%clk 0:15:39]} 6. e3 {[%clk 0:15:31]} Bd6 {[%clk 0:15:34]} 7. Bxd6
{[%clk 0:15:37]} Qxd6 {[%clk 0:15:42]} 8. Bd3 {[%clk 0:15:45]} O-O
{[%clk 0:15:39]} 9. Nge2 {[%clk 0:15:52]} Re8 {[%clk 0:14:57]} 10. Qd2
{[%clk 0:14:19]} Be6 {[%clk 0:13:26]} 11. f3 {[%clk 0:14:01]} Qe7
{[%clk 0:12:08]} 12. O-O {[%clk 0:13:18]} c5 {[%clk 0:11:02]} 13. dxc5
{[%clk 0:13:15]} Qxc5 {[%clk 0:11:10]} 14. Nb5 {[%clk 0:13:03]} Qb6
{[%clk 0:11:09]} 15. Nbd4 {[%clk 0:12:33]} Nc6 {[%clk 0:11:13]} 16. Rac1
{[%clk 0:12:29]} Bd7 {[%clk 0:11:05]} 17. Rc3 {[%clk 0:11:58]} Re7
{[%clk 0:10:01]} 18. Bb1 {[%clk 0:11:05]} Rae8 {[%clk 0:09:51]} 19. a3
{[%clk 0:09:28]} Ne5 {[%clk 0:08:48]} 20. Ba2 {[%clk 0:07:49]} Nc4
{[%clk 0:07:25]} 21. Bxc4 {[%clk 0:07:56]} dxc4 {[%clk 0:07:34]} 22. e4
{[%clk 0:06:18]} Nd5 {[%clk 0:07:32]} 23. Rc2 {[%clk 0:04:39]} f5
{[%clk 0:07:40]} 24. Ng3 {[%clk 0:03:00]} f4 {[%clk 0:06:38]} 25. exd5
{[%clk 0:02:49]} fxg3 {[%clk 0:06:46]} 26. Rxc4 {[%clk 0:01:29]} Re2
{[%clk 0:05:50]} 27. Qf4 {[%clk 0:00:55]} Rxb2 {[%clk 0:05:50]} 28. Qc7
{[%clk 0:00:25]} gxh2+ {[%clk 0:05:35]} 29. Kxh2 {[%clk 0:00:19]} Qh6+
{[%clk 0:03:23]} 30. Kg1 {[%clk 0:00:28]} Qg5 {[%clk 0:03:31]} 31. Nc2
{[%clk 0:00:15]} Qxd5 {[%clk 0:02:58]} 32. Rd4 {[%clk 0:00:15]} Rxc2
{[%clk 0:03:06]} 33. Qxd7 {[%clk 0:00:24]} Qxd7 {[%clk 0:02:41]} 34. Rxd7
{[%clk 0:00:32]} Ree2 {[%clk 0:02:50]} 35. Rfd1 {[%clk 0:00:32]} Rxg2+
{[%clk 0:02:57]} 36. Kh1 {[%clk 0:00:40]} Rh2+ {[%clk 0:02:47]} 37. Kg1
{[%clk 0:00:49]} Rcg2+ {[%clk 0:02:56]} 38. Kf1 {[%clk 0:00:58]} Rb2
{[%clk 0:01:45]} 39. Kg1 {[%clk 0:01:01]} Rhe2 {[%clk 0:01:39]} 0-1

[Event "Russian Rapid Championship (m)"]
[Site "Sochi"]
[Date "2022.10.15"]
[Round "4.8"]
[White "Savchenko, Boris"]
[Black "Zablotsky, Sergei"]
[Result "1-0"]
[BlackElo "2465"]
[WhiteElo "2605"]
[LiveChessVersion "1.4.8"]

1. c4 {[%clk 0:15:18]} e5 {[%clk 0:15:16]} 2. g3 {[%clk 0:15:26]} g6
{[%clk 0:15:13]} 3. d4 {[%clk 0:15:20]} d6 {[%clk 0:15:19]} 4. Bg2
{[%clk 0:14:49]} Bg7 {[%clk 0:15:25]} 5. dxe5 {[%clk 0:14:46]} dxe5
{[%clk 0:15:33]} 6. Qxd8+ {[%clk 0:14:54]} Kxd8 {[%clk 0:15:41]} 7. Nc3
{[%clk 0:15:00]} c6 {[%clk 0:15:36]} 8. Nf3 {[%clk 0:15:06]} Be6 {[%clk 0:15:35]}
9. Ng5 {[%clk 0:15:11]} Bxc4 {[%clk 0:15:42]} 10. b3 {[%clk 0:15:19]} h6
{[%clk 0:15:48]} 11. bxc4 {[%clk 0:15:24]} hxg5 {[%clk 0:15:57]} 12. Bxg5+
{[%clk 0:15:27]} f6 {[%clk 0:15:59]} 13. Bd2 {[%clk 0:15:06]} Nd7
{[%clk 0:14:59]} 14. O-O {[%clk 0:13:05]} Kc7 {[%clk 0:14:31]} 15. Rab1
{[%clk 0:12:48]} Bh6 {[%clk 0:13:39]} 16. e3 {[%clk 0:12:56]} Nc5
{[%clk 0:13:36]} 17. f4 {[%clk 0:12:40]} Rd8 {[%clk 0:13:32]} 18. Be1
{[%clk 0:11:14]} f5 {[%clk 0:13:01]} 19. e4 {[%clk 0:07:28]} Nd3 {[%clk 0:12:10]}
20. Na4 {[%clk 0:05:34]} Nf6 {[%clk 0:09:53]} 21. exf5 {[%clk 0:04:37]} gxf5
{[%clk 0:09:46]} 22. Ba5+ {[%clk 0:04:41]} b6 {[%clk 0:09:55]} 23. Nxb6
{[%clk 0:04:48]} axb6 {[%clk 0:10:03]} 24. Bxb6+ {[%clk 0:04:00]} Kc8
{[%clk 0:06:33]} 25. Bxd8 {[%clk 0:03:47]} Rxd8 {[%clk 0:06:41]} 26. Rb6
{[%clk 0:03:49]} Ng4 {[%clk 0:06:13]} 27. h3 {[%clk 0:03:31]} Bf8
{[%clk 0:04:40]} 28. Rxc6+ {[%clk 0:03:02]} Kd7 {[%clk 0:04:50]} 29. hxg4
{[%clk 0:03:09]} e4 {[%clk 0:04:59]} 30. Rg6 {[%clk 0:02:39]} Bc5+
{[%clk 0:05:05]} 31. Kh2 {[%clk 0:02:46]} Rh8+ {[%clk 0:05:08]} 32. Bh3
{[%clk 0:02:54]} e3 {[%clk 0:05:04]} 33. Rd1 {[%clk 0:02:59]} e2 {[%clk 0:05:10]}
34. Rxd3+ {[%clk 0:03:07]} Ke7 {[%clk 0:05:18]} 35. gxf5 {[%clk 0:03:05]} Bg1+
{[%clk 0:03:09]} 36. Kg2 {[%clk 0:03:13]} e1=N+ {[%clk 0:03:16]} 37. Kxg1
{[%clk 0:03:21]} Nxd3 {[%clk 0:03:23]} 38. Bg2 {[%clk 0:03:26]} Rb8
{[%clk 0:03:29]} 39. Bd5 {[%clk 0:03:32]} 1-0

[Event "Russian Rapid Championship (m)"]
[Site "Sochi"]
[Date "2022.10.15"]
[Round "4.9"]
[White "Timofeev, Artyom"]
[Black "Kobylkin, Evgeni"]
[Result "1-0"]
[BlackElo "2461"]
[WhiteElo "2560"]
[LiveChessVersion "1.4.8"]

1. e4 {[%clk 0:15:16]} e6 {[%clk 0:15:19]} 2. Qe2 {[%clk 0:15:23]} Ne7
{[%clk 0:15:17]} 3. Nf3 {[%clk 0:15:03]} d5 {[%clk 0:15:24]} 4. d3
{[%clk 0:14:55]} c5 {[%clk 0:15:15]} 5. g3 {[%clk 0:14:53]} Nbc6 {[%clk 0:15:21]}
6. Bg2 {[%clk 0:15:00]} b6 {[%clk 0:14:41]} 7. h4 {[%clk 0:14:53]} Bb7
{[%clk 0:14:40]} 8. h5 {[%clk 0:14:56]} h6 {[%clk 0:13:27]} 9. O-O
{[%clk 0:14:36]} Qd7 {[%clk 0:09:56]} 10. a4 {[%clk 0:14:08]} O-O-O
{[%clk 0:09:53]} 11. Bd2 {[%clk 0:11:39]} g5 {[%clk 0:09:18]} 12. hxg6
{[%clk 0:10:58]} Nxg6 {[%clk 0:09:20]} 13. a5 {[%clk 0:11:05]} h5
{[%clk 0:08:34]} 14. axb6 {[%clk 0:11:07]} axb6 {[%clk 0:08:42]} 15. Bg5
{[%clk 0:09:46]} Be7 {[%clk 0:08:44]} 16. Bxe7 {[%clk 0:09:51]} Qxe7
{[%clk 0:07:52]} 17. exd5 {[%clk 0:09:49]} exd5 {[%clk 0:07:51]} 18. Qxe7
{[%clk 0:09:50]} Ncxe7 {[%clk 0:07:50]} 19. Re1 {[%clk 0:09:28]} Nc6
{[%clk 0:06:26]} 20. Ng5 {[%clk 0:08:25]} Rhf8 {[%clk 0:06:28]} 21. Na3
{[%clk 0:05:33]} Nb4 {[%clk 0:06:09]} 22. d4 {[%clk 0:04:50]} h4 {[%clk 0:05:50]}
23. c3 {[%clk 0:04:08]} Nd3 {[%clk 0:05:24]} 24. Red1 {[%clk 0:03:16]} Nxb2
{[%clk 0:01:32]} 25. Rdb1 {[%clk 0:03:23]} Nd3 {[%clk 0:00:59]} 26. Rxb6
{[%clk 0:03:27]} hxg3 {[%clk 0:01:00]} 27. fxg3 {[%clk 0:03:32]} Kc7
{[%clk 0:01:07]} 28. Rf6 {[%clk 0:03:07]} Bc6 {[%clk 0:00:40]} 29. Nc2
{[%clk 0:03:14]} Rde8 {[%clk 0:00:40]} 30. Ra7+ {[%clk 0:02:06]} Kb6
{[%clk 0:00:48]} 31. Raxf7 {[%clk 0:02:07]} Rxf7 {[%clk 0:00:55]} 32. Nxf7
{[%clk 0:02:14]} Re2 {[%clk 0:00:57]} 33. Rxg6 {[%clk 0:01:34]} Rxc2
{[%clk 0:01:05]} 34. Bxd5 {[%clk 0:01:39]} cxd4 {[%clk 0:01:02]} 35. Rxc6+
{[%clk 0:01:41]} 1-0

[Event "Russian Rapid Championship (m)"]
[Site "Sochi"]
[Date "2022.10.15"]
[Round "4.10"]
[White "Kukhmazov, Arsen"]
[Black "Chigaev, Maksim"]
[Result "1/2-1/2"]
[BlackElo "2540"]
[WhiteElo "2459"]
[LiveChessVersion "1.4.8"]

1. d4 {[%clk 0:15:13]} Nf6 {[%clk 0:15:18]} 2. c4 {[%clk 0:15:21]} e6
{[%clk 0:15:25]} 3. Nf3 {[%clk 0:15:26]} d5 {[%clk 0:15:34]} 4. g3
{[%clk 0:15:33]} Bb4+ {[%clk 0:15:42]} 5. Bd2 {[%clk 0:15:37]} a5
{[%clk 0:15:50]} 6. Bg2 {[%clk 0:15:45]} dxc4 {[%clk 0:15:55]} 7. Qc2
{[%clk 0:15:51]} c5 {[%clk 0:15:48]} 8. a3 {[%clk 0:15:47]} Bxd2+
{[%clk 0:15:47]} 9. Nbxd2 {[%clk 0:15:55]} cxd4 {[%clk 0:15:54]} 10. Nxc4
{[%clk 0:16:01]} O-O {[%clk 0:13:59]} 11. O-O {[%clk 0:16:09]} d3
{[%clk 0:13:11]} 12. Qxd3 {[%clk 0:15:25]} Qxd3 {[%clk 0:13:17]} 13. exd3
{[%clk 0:15:34]} Nc6 {[%clk 0:13:19]} 14. Rac1 {[%clk 0:15:02]} Rd8
{[%clk 0:12:38]} 15. Nfe5 {[%clk 0:15:01]} Nd4 {[%clk 0:12:02]} 16. Rfe1
{[%clk 0:14:56]} Ra6 {[%clk 0:11:54]} 17. Nd2 {[%clk 0:09:36]} 1/2-1/2

[Event "Russian Rapid Championship (m)"]
[Site "Sochi"]
[Date "2022.10.15"]
[Round "4.11"]
[White "Rozum, Ivan"]
[Black "Zakhartsov, Vladimir"]
[Result "1/2-1/2"]
[BlackElo "2435"]
[WhiteElo "2540"]
[LiveChessVersion "1.4.8"]

1. c4 {[%clk 0:15:19]} g6 {[%clk 0:15:14]} 2. Nf3 {[%clk 0:15:08]} Bg7
{[%clk 0:15:22]} 3. d4 {[%clk 0:15:15]} c5 {[%clk 0:15:25]} 4. e4
{[%clk 0:14:55]} d6 {[%clk 0:15:04]} 5. Be2 {[%clk 0:14:47]} Bg4 {[%clk 0:15:00]}
6. d5 {[%clk 0:14:48]} Qa5+ {[%clk 0:14:13]} 7. Bd2 {[%clk 0:13:58]} Qa6
{[%clk 0:13:52]} 8. Nc3 {[%clk 0:12:28]} Nd7 {[%clk 0:12:55]} 9. O-O
{[%clk 0:12:14]} Ngf6 {[%clk 0:13:01]} 10. b3 {[%clk 0:11:43]} O-O
{[%clk 0:13:02]} 11. Qc2 {[%clk 0:11:32]} e6 {[%clk 0:12:50]} 12. dxe6
{[%clk 0:09:24]} fxe6 {[%clk 0:12:28]} 13. Ng5 {[%clk 0:07:50]} Bxe2
{[%clk 0:12:02]} 14. Nxe2 {[%clk 0:07:59]} d5 {[%clk 0:12:02]} 15. Nf4
{[%clk 0:07:40]} Nxe4 {[%clk 0:11:35]} 16. Ngxe6 {[%clk 0:06:01]} Bxa1
{[%clk 0:09:09]} 17. Nxf8 {[%clk 0:05:27]} Rxf8 {[%clk 0:09:00]} 18. Nxd5
{[%clk 0:05:10]} Qe6 {[%clk 0:04:48]} 19. Rxa1 {[%clk 0:04:45]} Rxf2
{[%clk 0:03:30]} 20. Re1 {[%clk 0:04:50]} Rxg2+ {[%clk 0:03:11]} 21. Kxg2
{[%clk 0:04:59]} Qg4+ {[%clk 0:03:19]} 22. Kf1 {[%clk 0:05:05]} Qf3+
{[%clk 0:03:15]} 23. Kg1 {[%clk 0:05:14]} Qf2+ {[%clk 0:03:12]} 24. Kh1
{[%clk 0:05:22]} Qf3+ {[%clk 0:02:06]} 25. Kg1 {[%clk 0:05:31]} Qg4+
{[%clk 0:02:04]} 26. Kf1 {[%clk 0:05:38]} Qf3+ {[%clk 0:01:37]} 1/2-1/2

[Event "Russian Rapid Championship (m)"]
[Site "Sochi"]
[Date "2022.10.15"]
[Round "4.12"]
[White "Moiseenko, Vadim"]
[Black "Alekseev, Evgeny"]
[Result "1/2-1/2"]
[BlackElo "2533"]
[WhiteElo "2429"]
[LiveChessVersion "1.4.8"]

1. d4 {[%clk 0:15:14]} Nf6 {[%clk 0:15:17]} 2. Bf4 {[%clk 0:15:22]} e6
{[%clk 0:14:55]} 3. e3 {[%clk 0:15:30]} c5 {[%clk 0:14:58]} 4. Nd2
{[%clk 0:15:14]} Nc6 {[%clk 0:14:51]} 5. Ngf3 {[%clk 0:15:09]} d5
{[%clk 0:14:49]} 6. c3 {[%clk 0:15:12]} cxd4 {[%clk 0:14:46]} 7. exd4
{[%clk 0:15:14]} Nh5 {[%clk 0:14:51]} 8. Be3 {[%clk 0:14:50]} Bd6
{[%clk 0:14:54]} 9. Nb3 {[%clk 0:14:36]} Qc7 {[%clk 0:13:52]} 10. g3
{[%clk 0:13:32]} O-O {[%clk 0:12:59]} 11. Bg2 {[%clk 0:12:00]} b6
{[%clk 0:12:34]} 12. O-O {[%clk 0:12:01]} Nf6 {[%clk 0:12:23]} 13. Re1
{[%clk 0:12:03]} a5 {[%clk 0:12:02]} 14. Nc1 {[%clk 0:10:27]} Ba6
{[%clk 0:11:56]} 1/2-1/2

[Event "Russian Rapid Championship (m)"]
[Site "Sochi"]
[Date "2022.10.15"]
[Round "4.13"]
[White "Kryakvin, Dmitry"]
[Black "Ponkratov, Pavel"]
[Result "1/2-1/2"]
[BlackElo "2518"]
[WhiteElo "2405"]
[LiveChessVersion "1.4.8"]

1. d4 {[%clk 0:15:18]} Nf6 {[%clk 0:15:19]} 2. c4 {[%clk 0:15:26]} e6
{[%clk 0:15:28]} 3. Nf3 {[%clk 0:15:35]} d5 {[%clk 0:15:36]} 4. Qc2
{[%clk 0:15:43]} c5 {[%clk 0:15:09]} 5. dxc5 {[%clk 0:15:15]} Nc6
{[%clk 0:14:58]} 6. e3 {[%clk 0:15:13]} Bxc5 {[%clk 0:14:56]} 7. cxd5
{[%clk 0:15:08]} Bb4+ {[%clk 0:13:25]} 8. Bd2 {[%clk 0:14:58]} Nxd5
{[%clk 0:13:33]} 9. Nc3 {[%clk 0:14:22]} Nxc3 {[%clk 0:13:31]} 10. Bxc3
{[%clk 0:14:30]} Qa5 {[%clk 0:13:40]} 11. Rc1 {[%clk 0:12:09]} Bd7
{[%clk 0:12:07]} 12. a3 {[%clk 0:11:53]} Bxc3+ {[%clk 0:11:06]} 1/2-1/2

[Event "Russian Rapid Championship (m)"]
[Site "Sochi"]
[Date "2022.10.15"]
[Round "4.14"]
[White "Zvjaginsev, Vadim"]
[Black "Salemgareev, Tagir"]
[Result "1/2-1/2"]
[BlackElo "2432"]
[WhiteElo "2498"]
[LiveChessVersion "1.4.8"]

1. d4 {[%clk 0:15:16]} Nf6 {[%clk 0:14:46]} 2. Nf3 {[%clk 0:15:23]} e6
{[%clk 0:14:54]} 3. g3 {[%clk 0:15:15]} d5 {[%clk 0:15:00]} 4. Bg2
{[%clk 0:15:19]} b5 {[%clk 0:15:02]} 5. O-O {[%clk 0:15:23]} Bb7 {[%clk 0:15:10]}
6. Bg5 {[%clk 0:15:22]} Nbd7 {[%clk 0:15:15]} 7. c3 {[%clk 0:14:54]} c5
{[%clk 0:14:54]} 8. a4 {[%clk 0:14:56]} b4 {[%clk 0:15:01]} 9. Nbd2
{[%clk 0:13:49]} Be7 {[%clk 0:14:12]} 10. dxc5 {[%clk 0:12:45]} bxc3
{[%clk 0:14:01]} 11. c6 {[%clk 0:12:48]} Bxc6 {[%clk 0:14:04]} 12. bxc3
{[%clk 0:12:44]} O-O {[%clk 0:13:53]} 13. Nd4 {[%clk 0:12:41]} Bb7
{[%clk 0:14:01]} 14. c4 {[%clk 0:12:23]} h6 {[%clk 0:13:41]} 15. Rb1
{[%clk 0:12:23]} Rb8 {[%clk 0:13:16]} 16. Be3 {[%clk 0:10:08]} Nc5
{[%clk 0:12:59]} 17. Bf4 {[%clk 0:08:47]} 1/2-1/2

[Event "Russian Rapid Championship (m)"]
[Site "Sochi"]
[Date "2022.10.15"]
[Round "4.15"]
[White "Elizarov, Dmitry"]
[Black "Petrov, Nikita"]
[Result "0-1"]
[BlackElo "2496"]
[WhiteElo "2368"]
[LiveChessVersion "1.4.8"]

1. d4 {[%clk 0:15:17]} Nf6 {[%clk 0:15:17]} 2. c4 {[%clk 0:15:25]} e6
{[%clk 0:15:24]} 3. Nf3 {[%clk 0:14:49]} d5 {[%clk 0:15:32]} 4. Nc3
{[%clk 0:14:55]} Nbd7 {[%clk 0:15:32]} 5. Bf4 {[%clk 0:14:34]} Bb4
{[%clk 0:15:30]} 6. cxd5 {[%clk 0:14:17]} exd5 {[%clk 0:15:25]} 7. Rc1
{[%clk 0:14:03]} Ne4 {[%clk 0:15:05]} 8. Qb3 {[%clk 0:13:44]} Bxc3+
{[%clk 0:14:49]} 9. bxc3 {[%clk 0:13:49]} Nb6 {[%clk 0:14:57]} 10. e3
{[%clk 0:12:29]} g5 {[%clk 0:14:41]} 11. Be5 {[%clk 0:12:29]} f6 {[%clk 0:14:40]}
12. Bg3 {[%clk 0:12:37]} h5 {[%clk 0:14:43]} 13. h4 {[%clk 0:12:27]} Nxg3
{[%clk 0:14:22]} 14. fxg3 {[%clk 0:12:35]} Qd6 {[%clk 0:13:58]} 15. Kf2
{[%clk 0:12:38]} gxh4 {[%clk 0:13:59]} 16. Rxh4 {[%clk 0:12:37]} Bg4
{[%clk 0:13:17]} 17. Nh2 {[%clk 0:12:23]} Be6 {[%clk 0:09:42]} 18. Be2
{[%clk 0:09:09]} O-O-O {[%clk 0:09:44]} 19. Qb4 {[%clk 0:08:44]} Qd7
{[%clk 0:09:33]} 20. Rh1 {[%clk 0:08:52]} Nc4 {[%clk 0:08:32]} 21. Bxc4
{[%clk 0:08:00]} dxc4 {[%clk 0:08:40]} 22. Qa5 {[%clk 0:07:29]} Kb8
{[%clk 0:08:06]} 23. Rf4 {[%clk 0:05:38]} Rdg8 {[%clk 0:06:14]} 24. Rxf6
{[%clk 0:03:57]} h4 {[%clk 0:06:09]} 25. g4 {[%clk 0:02:03]} h3 {[%clk 0:05:58]}
26. gxh3 {[%clk 0:01:32]} Bd5 {[%clk 0:03:47]} 27. e4 {[%clk 0:01:37]} Bxe4 28.
Re1 {[%clk 0:01:41]} Rxh3 {[%clk 0:03:10]} 29. Rxe4 {[%clk 0:00:46]} Rxh2+
{[%clk 0:03:18]} 30. Kg3 {[%clk 0:00:13]} Qh7 {[%clk 0:03:08]} 0-1